| 000 | 00698nam a2200205Ia 4500 | ||
|---|---|---|---|
| 003 | OSt | ||
| 005 | 20250115151414.0 | ||
| 008 | 210210b1984 xxu||||| |||| 00| 0 eng d | ||
| 040 | _cAL | ||
| 041 | _aKannada | ||
| 082 | _aK894.1 VRAN | ||
| 100 |
_aVRASHABHENDRASVAMI (S M). ed. _d ವೃಷಭೇಂದ್ರಸ್ವಾಮಿ (ಎಸ್ ಎಂ) _9193578 |
||
| 245 |
_aNayasena virachita Dharmamrata. _bನಯಸೇನ ವಿರಚಿತ ಧರ್ಮಾಮ್ರತಾ |
||
| 260 |
_aDharavada _bKarnataka Vishvavidyalaya _c1984 |
||
| 300 | _alxxxix,745 | ||
| 650 |
_aNayasena Mahishavadi Bi Bi Patila Es Pi _9193579 |
||
| 690 |
_aKannada Poetry _9193580 |
||
| 906 | _a060468 | ||
| 942 |
_2ddc _cBK |
||
| 999 |
_c107507 _d107507 |
||